Reconnais et nomme ces artistes francophones VOL6 - Statistiques

Statistiques générales
  • Ce quiz a été pris 50 fois
  • Le résultat moyen est 10 sur 16
Statistiques - réponses
Par images Réponse % Correct
Garou
96%
Pascal Obispo
96%
Jenifer
91%
Patrick Fiori
83%
Slimane
78%
Damso
76%
Doc Gynéco
67%
Jain
57%
Francis Cabrel
50%
Juliette Armanet
50%
Charlotte Gainsbourg
48%
Marina Kaye
48%
Olivia Ruiz
41%
Noir désir
39%
Eve Angeli
26%
Isabelle Boulay
24%
Aucun quiz correspondant
Distribution des résultats
% des personnes avec chaque résultat
Percentile par nombre de réponses
Votre historique - résultats
Vous n’avez pas pris ce quiz